000 00437nam a2200181Ia 4500
005 20240823061254.0
008 240823s9999||||xx |||||||||||||| ||und||
041 _aENGLISH
082 _A620.11 N5
100 _aRaghavan V
245 0 _aMaterial Science and Engg.
250 _a3rd
260 _c1995
_b"PHI,New Delhi"
500 _aYES
650 _aMaterials Science
_bAeronautical Engineering
942 _cBK
999 _c233122
_d233122